| 000 | 00654nam a2200253 a 4500 | ||
|---|---|---|---|
| 001 | adlib96000001 | ||
| 003 | ViArRB | ||
| 005 | 200902210153555.7 | ||
| 008 | 960221s1955 dcuabcdjdbkoqu001 0deng d | ||
| 020 | _a | ||
| 022 | _a | ||
| 040 | _aAdlib | ||
| 082 | _a621.9 | ||
| 245 | _aThames and Hudson Manual of Metalworking | ||
| 250 | _a | ||
| 260 |
_a _b _c |
||
| 300 |
_a200 p. _c |
||
| 500 | _a Bibliog. p. 192 | ||
| 100 |
_aScott, Peter _e |
||
| 700 |
_a _a |
||
| 942 | _cBK | ||
| 653 | _aThames and Hudson Manual of Metalworking | ||
| 952 |
_w2010-06-16 _p00015458 _r2010-06-16 _40 _00 _bUL _10 _o621.9 SCO _d2010-06-16 _70 _yBK _aUL |
||
| 999 |
_c24582 _d24581 |
||